MARC details
| 000 -LEADER |
| fixed length control field |
04572cam a2200481Ka 4500 |
| 001 - CONTROL NUMBER |
| control field |
bslw06443791 |
| 003 - CONTROL NUMBER IDENTIFIER |
| control field |
UtOrBLW |
| 005 - DATE AND TIME OF LATEST TRANSACTION |
| control field |
20210303085424.0 |
| 006 - FIXED-LENGTH DATA ELEMENTS--ADDITIONAL MATERIAL CHARACTERISTICS |
| fixed length control field |
m d |
| 007 - PHYSICAL DESCRIPTION FIXED FIELD--GENERAL INFORMATION |
| fixed length control field |
cr un||||||||| |
| 008 - FIXED-LENGTH DATA ELEMENTS--GENERAL INFORMATION |
| fixed length control field |
101115s2001 ne o 000 0 engoc |
| 010 ## - LIBRARY OF CONGRESS CONTROL NUMBER |
| LC control number |
2002282209 |
| 020 ## - INTERNATIONAL STANDARD BOOK NUMBER |
| Canceled/invalid ISBN |
0762308303 (hd. bd. : alk. paper) |
| 020 ## - INTERNATIONAL STANDARD BOOK NUMBER |
| International Standard Book Number |
9781849501286 (electronic bk.) : |
| Terms of availability |
£72.95 ; <U+0080>106.95 ; $129.95 |
| 040 ## - CATALOGING SOURCE |
| Original cataloging agency |
UtOrBLW |
| Transcribing agency |
UtOrBLW |
| 043 ## - GEOGRAPHIC AREA CODE |
| Geographic area code |
e------ |
| 050 00 - LIBRARY OF CONGRESS CALL NUMBER |
| Classification number |
HG5422 |
| Item number |
.E9845 2001 |
| 072 #7 - SUBJECT CATEGORY CODE |
| Subject category code |
KCL |
| Source |
bicssc |
| 072 #7 - SUBJECT CATEGORY CODE |
| Subject category code |
1QFE |
| Source |
bicssc |
| 072 #7 - SUBJECT CATEGORY CODE |
| Subject category code |
BUS027000 |
| Source |
bisacsh |
| 072 #7 - SUBJECT CATEGORY CODE |
| Subject category code |
BUS069020 |
| Source |
bisacsh |
| 080 ## - UNIVERSAL DECIMAL CLASSIFICATION NUMBER |
| Universal Decimal Classification number |
336.76 |
| 082 00 - DEWEY DECIMAL CLASSIFICATION NUMBER |
| Classification number |
332/.0415/094 |
| Edition number |
21 |
| 245 00 - TITLE STATEMENT |
| Title |
European monetary union and capital markets |
| Medium |
[electronic resource] / |
| Statement of responsibility, etc. |
edited by J. Jay Choi, Jeffrey M. Wrase. |
| 260 ## - PUBLICATION, DISTRIBUTION, ETC. |
| Place of publication, distribution, etc. |
Amsterdam ; |
| -- |
New York : |
| Name of publisher, distributor, etc. |
JAI, |
| Date of publication, distribution, etc. |
2001. |
| 300 ## - PHYSICAL DESCRIPTION |
| Extent |
1 online resource (xi, 275 p.). |
| 490 1# - SERIES STATEMENT |
| Series statement |
International finance review, |
| International Standard Serial Number |
1569-3767 ; |
| Volume/sequential designation |
v. 2 |
| 505 0# - FORMATTED CONTENTS NOTE |
| Formatted contents note |
Historical overview of the transition to monetary union in Europe / Kerk Phillips, Jeffrey M. Wrase -- Country and industry effects in Euroland's equity markets / Ivo J.M. Arnold -- Intra-day transmission of international stock prices / Cheol S. Eun, Jin-Gil Jeong -- Organization and policy procedures of the European system of central banks / Jeffrey M. Wrase -- Monetary and fiscal policy rules in the european economic and monetary union : a simulation analysis / Gottfried Haber, Reinhard Neck, Warwick J. McKibbin -- A retrospective structural break analysis of the French German interest rate differential in the run-up to EMU / Jérôme Henry, Peter McAdam -- Is there potential for monetary union outside Europe? / Vince Hooper -- Monetary union expansion : the role of market power in trade / Mark M. Spiegel -- The European monetary union / Lall B. Ramrattan, Cathyann D. Tully, Michael Szenberg -- The euro exchange rate and consumer prices / Sinimaaria Ranki -- Monetary union and market integration : capital and goods market issues pertaining to the launching of the euro / J. Jay Choi, Jeffrey M. Wrase -- Volatility and misalignments of EMS and other currencies during 1974-1998 / Michael G. Papaioannou -- The impact of the euro on primary equity markets / E.K. Gatzonas. |
| 520 ## - SUMMARY, ETC. |
| Summary, etc. |
To form a more perfect economic union and to establish a single market financially, economically and politically, 11 European countries founded a common currency and a European Central Bank, and created a new monetary unit, the euro, on 1st January, 1999. On that date, the old national currencies officially became subunits of the euro, much as the nickel and quarter are subunits of the dollar. Fifteen countries started down the road to monetary union in 1992, when they signed the Treaty on European Union, commonly known as the Maastricht Treaty, which outlined a basic structure for the alliance. However, of those 15 countries, only 11 initially joined the European Monetary Union (EMU): three countries opted out, and another did not meet the economic criteria established for membership in the union. The EMU countries decided that the benefits of having one common currency instead of 11 different ones would outweigh the costs, especially given the amount of travel, trade and financial flow that takes place between these countries. This volume considers effects on capital and goods markets of monetary union in general and European Monetary Union (EMU) in particular. The effects of monetary union addressed here broadly fall into three categories - adjustments in goods and labor markets, adjustments in money and capital markets, and institutional adjustments when a group of countries adopt a common currency (and a common monetary policy), but retain quasi-independent fiscal (and other economic) policies. The relation between monetary union and capital market integration is also highlighted. |
| 588 ## - SOURCE OF DESCRIPTION NOTE |
| Source of description note |
Description based on print version record. |
| 610 20 - SUBJECT ADDED ENTRY--CORPORATE NAME |
| Corporate name or jurisdiction name as entry element |
Economic and Monetary Union. |
| 650 #0 - SUBJECT ADDED ENTRY--TOPICAL TERM |
| Topical term or geographic name entry element |
Capital market |
| Geographic subdivision |
European Union countries. |
| 650 #7 - SUBJECT ADDED ENTRY--TOPICAL TERM |
| Topical term or geographic name entry element |
Business & Economics |
| General subdivision |
Finance. |
| Source of heading or term |
bisacsh |
| 650 #7 - SUBJECT ADDED ENTRY--TOPICAL TERM |
| Topical term or geographic name entry element |
Business & Economics |
| General subdivision |
International |
| -- |
Economics. |
| Source of heading or term |
bisacsh |
| 650 #7 - SUBJECT ADDED ENTRY--TOPICAL TERM |
| Topical term or geographic name entry element |
International economics. |
| Source of heading or term |
bicssc |
| 650 #7 - SUBJECT ADDED ENTRY--TOPICAL TERM |
| Topical term or geographic name entry element |
EU (European Union). |
| Source of heading or term |
bicssc |
| 700 1# - ADDED ENTRY--PERSONAL NAME |
| Personal name |
Choi, Jongmoo Jay, |
| Dates associated with a name |
1945- |
| 700 1# - ADDED ENTRY--PERSONAL NAME |
| Personal name |
Wrase, Jeffrey M. |
| 776 1# - ADDITIONAL PHYSICAL FORM ENTRY |
| International Standard Book Number |
9780762308309 |
| 830 #0 - SERIES ADDED ENTRY--UNIFORM TITLE |
| Uniform title |
International finance review ; |
| Volume/sequential designation |
v. 2. |
| 856 40 - ELECTRONIC LOCATION AND ACCESS |
| Uniform Resource Identifier |
<a href="https://www.emerald.com/insight/publication/doi/10.1016/S1569-3767(2001)2">https://www.emerald.com/insight/publication/doi/10.1016/S1569-3767(2001)2</a> |
| 913 ## - |
| -- |
BMEbacklist |